000 00592nam a2200253Ia 4500
003 OSt
005 20220918195952.0
006 a|||||r|||| 00| 0
007 ta
008 220917b |||||||| |||| 00| 0 eng d
024 _a86,950
037 _cTextual
040 _aARTS
_cARTS
_beng
041 _2eng
_aeng
082 _aT:36, K8
100 _aJackson P W
_992164
110 _a`
_992165
245 0 _aTeacher and the machine
260 _c1968
650 _aEDUCATION
700 _a`
_992166
942 _hT:36, K8
_cTEXL
_2CC
999 _c210647
_d210647